书目信息 |
| 书名: | Biophysics Volume 20:Mehthods of experimental Physics | |
| 作者: | Edited by Gerald Ehrenstein and Harold Lecar. | |
| 分册号: | ||
| 分册名: | 出版地: | New York : |
|
| 出版社: | ACADEMIC PRESS | |
| 出版时间: | 1982. | |
| 页数: | 568 p. ; | |
| 开本: | 20cm. | |
| 丛书名: | ||
| 中图分类号: | ||
| 科图分类号: | ||
| 其他分类号: | Q6 | |
| 主题词: | ||
| 电子资源: | ||
| 000 | 00434nam 2200145 a 4500 | |
| 001 | E0754946943 | |
| 005 | 20070226151933.15 | |
| 008 | 070226s1982 00010 eng | |
| 020 | @a0-12-475962-9. | |
| 040 | @aPFT@beng | |
| 090 | @aQ6 | |
| 099 | @dQ6@ex1 | |
| 245 | @aBiophysics Volume 20:Mehthods of experimental Physics / @cEdited by Gerald Ehrenstein and Harold Lecar. | |
| 260 | @aNew York :@bACADEMIC PRESS,@c1982. | |
| 300 | @a568 p. ;@c20cm. | |
| Biophysics Volume 20:Mehthods of experimental Physics / / Edited by Gerald Ehrenstein and Harold Lecar.-New York : : ACADEMIC PRESS, , 1982. |
| 568 p. ; ; 20cm. |
| ISBN 0-12-475962-9. |
| ● |
| 相关链接 |
|
|
|
|
正题名:Biophysics Volume 20:Mehthods of experimental Physics
索取号:Q6/x1
 
预约/预借
| 序号 | 登录号 | 条形码 | 馆藏地/架位号 | 状态 | 备注 |
| 1 | 181848 | 000634139 | 第二样本阅览室/ [索取号:Q6/x1] | 在馆 | |
| 2 | 181849 | 000634148 | 第四借阅区/ [索取号:Q6/x1] | 在馆 |